000 00589nam a2200229Ia 4500
003 OSt
005 20221006164525.0
006 a|||||r|||| 00| 0
007 ta
008 221006b |||||||| |||| 00| 0 eng d
024 _a2,356
037 _cTextual
040 _aFML
_cFML
_beng
041 _2eng
_aeng
082 _aO111,1:g, J7
100 _aRead Herbert Au.
245 0 _aThe True Voice of Feeling
260 _aLondon
_bFaver & Faber Ltd.
_c1957
300 _a382
_ccm.
942 _hO111,1:g, J7
_cTEXL
_2CC
999 _c1117556
_d1117556